000 01103nam a2200337 i 4500
001 bg
245 0 0 _aAustria /
_c[przygot. ed. pol. Bogdan Rudnicki ; red. prowadzący Joanna Zaborowska ; tł. Jolanta Kubiak ; red. Michał Kaszowski].
246 1 _iTyt. oryg.:
_aAustria
260 _aWarszawa :
_bMediaprofit,
_c2007.
300 _a[2], 323, [1] s. :
_bil. kolor. ;
_c23 cm.
490 1 _aBiblioteka Gazety Wyborczej. Podróże Marzeń ;
_v9
500 _aMapa i plan na wyklejkach.
504 _aIndeks.
651 9 _aAustria
655 _aPrzewodniki turystyczne
700 1 _aRudnicki, Bogdan.
_eOprac.
700 1 _aZaborowska, Joanna.
_eRed.
700 1 _aKubiak, Jolanta.
_eTł.
700 1 _aKaszowski, Michał.
_eRed.
830 0 _aBiblioteka Gazety Wyborczej.
_pPodróże Marzeń (2007)
_v9
015 _aPB 18978/2007
020 _a9788360174692
040 _cBPK
041 1 _apol
_heng
044 _aPOL
080 _a913(436)(036)
920 _a978-83-60174-69-2 :
_czł 25
942 _cKS
008 070827s2007 pl a |001 0 pol
999 _c54253
_d54253
856 _uhttp://koha.tu.koszalin.pl/cgi-bin/koha/opac-detail.pl?biblionumber=54253
_yKatalog online BPK